[Event "op"]
[Site "Feldbach, Styria/AUT"]
[Date "1996.12.29"]
[Round "2"]
[White "Kuba, G."]
[Black "Krumpacnik, D."]
[Result "1-0"]
[WhiteElo "2200"]
[BlackElo "2385"]
[PlyCount "131"]

1. e4 c5 2. Nf3 Nc6 3. Bb5 g6 4. O-O Bg7 5. c3 Nf6 6. Re1 O-O 7. d4 cxd4 8.
cxd4 d5 9. e5 Ne4 10. Nc3 Nxc3 11. bxc3 Qa5 12. Bxc6 bxc6 13. Nd2 Qxc3 14. Nb3
Bg4 15. f3 Bf5 16. Ba3 Bh6 17. Bc1 Bc2 18. Qe2 Bg7 19. Bd2 Qd3 20. Qxd3 Bxd3
21. Na5 Rfc8 22. Rac1 Bb5 23. f4 e6 24. Bb4 Rab8 25. Rc3 Ba4 26. Bd6 Rb6 27.
Ra3 Bb5 28. Nb3 Bc4 29. Nd2 Ba6 30. Nb3 Ra8 31. Bc5 Bf8 32. Ra5 Bxc5 33. dxc5
Rxb3 34. axb3 Bb5 35. Rd1 a6 36. Kf2 f6 37. exf6 Rf8 38. Ke3 Rxf6 39. Ra2 Rf5
40. g3 Kg7 41. g4 Rf7 42. Rf2 Kf6 43. Kd4 Rf8 44. Re1 Rf7 45. Re5 a5 46. f5
exf5 47. gxf5 g5 48. Re6+ Kg7 49. f6+ Kg6 50. Ke5 a4 51. bxa4 Bxa4 52. Re7 h5
53. Rxf7 Kxf7 54. Rf5 d4 55. Kxd4 Bc2 56. Rxg5 Kxf6 57. Rxh5 Kg6 58. Rh8 Kf5
59. Kc3 Be4 60. Kb4 Kf6 61. Ka5 Ke7 62. Kb6 Kd7 63. h4 Ke7 64. Rh6 Kd7 65. Rd6+
Ke7 66. Rxc6 1-0

[Event "op"]
[Site "Feldbach, Styria/AUT"]
[Date "1996.12.29"]
[Round "2"]
[White "Bonstingl, G."]
[Black "Wegerer, F."]
[Result "1/2-1/2"]
[WhiteElo "2225"]
[BlackElo "2270"]
[PlyCount "140"]

1. Nf3 g6 2. g3 Bg7 3. Bg2 c5 4. O-O Nc6 5. d3 d6 6. e4 Nf6 7. Re1 O-O 8. c3 e5
9. Na3 Rb8 10. Nc2 Re8 11. h3 b5 12. a3 h6 13. b4 a5 14. Rb1 axb4 15. axb4 cxb4
16. Nxb4 Nxb4 17. Rxb4 Be6 18. Kh2 Qc7 19. Bd2 d5 20. Qc1 dxe4 21. dxe4 g5 22.
Ng1 Bf8 23. Rb1 Ba2 24. Ra1 Bc4 25. Be3 Ra8 26. Qd2 Red8 27. Rxa8 Rxa8 28. Rd1
Bb3 29. Rb1 Rd8 30. Qb2 Bc4 31. Ra1 Bc5 32. Qc1 Qb6 33. Bxg5 hxg5 34. Qxg5+ Kh8
35. Nf3 Nh7 36. Qxe5+ f6 37. Qf5 Be6 38. Qh5 Bxf2 39. e5 Rg8 40. g4 Qe3 41.
exf6 Qf4+ 42. Kh1 Qxf6 43. Rf1 Bg3 44. Nd4 Qe7 45. Rf3 Bb8 46. Nc6 Qd6 47. Nxb8
Rxb8 48. Rf1 Bc4 49. Be4 Bg8 50. Qf5 Rf8 51. Qxb5 Rxf1+ 52. Qxf1 Ng5 53. Bg2
Bd5 54. Qf2 Bxg2+ 55. Kxg2 Qd5+ 56. Kh2 Qe5+ 57. Kg2 Qe4+ 58. Kh2 Qe5+ 59. Kg2
Qe4+ 60. Kh2 Nf3+ 61. Kg3 Ne5 62. Qf8+ Kh7 63. Qf5+ Qxf5 64. gxf5 Kg7 65. Kf4
Kf6 66. h4 Nf7 67. c4 Nd6 68. c5 Nxf5 69. h5 Ng7 70. Kg4 Nxh5 1/2-1/2

[Event "op"]
[Site "Feldbach, Styria/AUT"]
[Date "1996.12.29"]
[Round "2"]
[White "Milanollo, M."]
[Black "Deutsch, L."]
[Result "0-1"]
[WhiteElo "1975"]
[BlackElo "2210"]
[PlyCount "126"]

1. e4 c5 2. Nc3 Nc6 3. g3 g6 4. Bg2 Bg7 5. d3 e6 6. f4 Nge7 7. Nf3 d5 8. Bd2
Nd4 9. O-O O-O 10. Rb1 b6 11. Ne2 Nxf3+ 12. Bxf3 Bb7 13. e5 Qd7 14. b4 cxb4 15.
Bxb4 Rfc8 16. Nd4 Nc6 17. Nxc6 Qxc6 18. c4 Qd7 19. cxd5 Bxd5 20. Bxd5 Qxd5 21.
Qb3 Rd8 22. Qxd5 Rxd5 23. Rfd1 Rad8 24. Rb3 R8d7 25. Kf2 f6 26. exf6 Bxf6 27.
Bc3 Kf7 28. Ke3 b5 29. Bxf6 Kxf6 30. a4 bxa4 31. Rb4 Ra5 32. Ra1 a3 33. Rb3 a2
34. Rb2 Ra3 35. Rbxa2 Rdxd3+ 36. Ke2 Rxa2+ 37. Rxa2 Rd7 38. Ra6 h5 39. h3 Rb7
40. Ke3 Rb3+ 41. Kf2 h4 42. Rxa7 Rxg3 43. Rh7 Rxh3 44. Kg2 Rg3+ 45. Kf2 Kf5 46.
Rf7+ Ke4 47. Rf6 Rg4 48. Rxe6+ Kxf4 49. Rf6+ Kg5 50. Ra6 Rg3 51. Ra4 Kh5 52.
Rb4 g5 53. Ra4 Rg4 54. Ra8 Rf4+ 55. Kg2 Kg4 56. Ra3 h3+ 57. Kh2 Rf2+ 58. Kh1
Kh4 59. Kg1 Rf4 60. Kh2 g4 61. Ra8 g3+ 62. Kg1 h2+ 63. Kg2 Rf2+ 0-1

[Event "op"]
[Site "Feldbach, Styria/AUT"]
[Date "1996.12.29"]
[Round "2"]
[White "Frosch, R."]
[Black "Halser, W."]
[Result "1-0"]
[WhiteElo "1870"]
[BlackElo "2175"]
[PlyCount "63"]

1. d4 Nf6 2. Nf3 e6 3. Bg5 c5 4. c3 Qb6 5. Qb3 Qxb3 6. axb3 Ne4 7. Bh4 f6 8. e3
b6 9. Na3 Nc6 10. Bd3 Nd6 11. O-O Bb7 12. Bg3 Be7 13. Rfd1 cxd4 14. exd4 O-O
15. Re1 a6 16. d5 Nd8 17. Bxd6 Bxd6 18. Nc4 Bc5 19. b4 exd5 20. bxc5 dxc4 21.
Bxc4+ Kh8 22. cxb6 Nc6 23. Rad1 Rab8 24. Rxd7 Na5 25. Ba2 Bxf3 26. gxf3 Rxb6
27. Ree7 f5 28. Rxg7 Rg6+ 29. Rxg6 hxg6 30. Bd5 Rf6 31. Rc7 g5 32. Rc5 1-0

[Event "op"]
[Site "Feldbach, Styria/AUT"]
[Date "1996.12.29"]
[Round "2"]
[White "Schriebl, A."]
[Black "Jazbinsek, S."]
[Result "0-1"]
[WhiteElo "1720"]
[BlackElo "2175"]
[PlyCount "86"]

1. d4 Nf6 2. c4 e6 3. g3 Bb4+ 4. Bd2 Qe7 5. Bg2 Nc6 6. e3 O-O 7. a3 Bxd2+ 8.
Qxd2 d5 9. cxd5 exd5 10. Nc3 Rd8 11. Nge2 Bf5 12. b4 Ne4 13. Nxe4 dxe4 14. Qc3
Bg4 15. b5 Nb8 16. Qc5 Qxc5 17. dxc5 Nd7 18. Rc1 Ne5 19. Bxe4 f5 20. Bxb7 Rab8
21. Bc6 Nd3+ 22. Kf1 Bh3+ 23. Bg2 Nxc1 24. Nxc1 Rd1+ 25. Ke2 Rxh1 26. Bxh1 Rxb5
27. Bd5+ Kf8 28. Nd3 Bg4+ 29. Kd2 Bh5 30. Be6 Bg6 31. Kc3 f4 32. Nxf4 Rxc5+ 33.
Kb4 Rc2 34. Nxg6+ hxg6 35. f4 Re2 36. a4 Rxe3 37. f5 Ke7 38. a5 Re5 39. g4 Re4+
40. Kb5 Rxg4 41. f6+ Kxe6 42. fxg7 Kf7 43. Kc6 Ra4 0-1

[Event "op"]
[Site "Feldbach, Styria/AUT"]
[Date "1996.12.29"]
[Round "2"]
[White "MK Guid, M."]
[Black "Szith, G."]
[Result "1/2-1/2"]
[WhiteElo "2155"]
[BlackElo "1855"]
[PlyCount "82"]

1. d4 Nf6 2. Nf3 e6 3. g3 b6 4. Bg2 Bb7 5. O-O Be7 6. c4 O-O 7. d5 exd5 8. Nh4
c6 9. cxd5 Nxd5 10. Nf5 Nc7 11. Nc3 d5 12. e4 Bf6 13. Bf4 Bc8 14. g4 Nba6 15.
Rc1 Bxf5 16. gxf5 dxe4 17. Qa4 Bxc3 18. Rxc3 Nc5 19. Qxc6 Rc8 20. Rg3 N7e6 21.
Qd6 Nxf4 22. Qxf4 Qf6 23. b4 Ne6 24. Qxe4 Nd4 25. Re1 Nxf5 26. Rf3 Nd6 27. Qd5
Qd8 28. Rd1 Nc4 29. Rxf7 Qxd5 30. Rxf8+ Kxf8 31. Rxd5 Rc7 32. Be4 h6 33. Kg2
Ke7 34. Kg3 Ke6 35. Rd8 Nd6 36. Bh7 Nf5+ 37. Bxf5+ Kxf5 38. h4 Rc3+ 39. f3 Rc7
40. Rd5+ Ke6 41. Rd4 b5 1/2-1/2

[Event "op"]
[Site "Feldbach, Styria/AUT"]
[Date "1996.12.29"]
[Round "2"]
[White "Bachmayer, J."]
[Black "Golja, O."]
[Result "0-1"]
[WhiteElo "2080"]
[BlackElo "1755"]
[PlyCount "104"]

1. c4 Nf6 2. Nc3 g6 3. g3 Bg7 4. Bg2 O-O 5. e3 d6 6. Nge2 c6 7. d4 Nbd7 8. O-O
e5 9. b3 Nh5 10. Ba3 c5 11. dxc5 dxc5 12. Qd6 Re8 13. Rad1 Bf8 14. Qd2 Rb8 15.
Nb5 a6 16. Na7 Nhf6 17. Nc3 Ra8 18. Nxc8 Qxc8 19. Nd5 Rb8 20. Bh3 Qc6 21. Bb2
Rbd8 22. Bg2 e4 23. f3 Bg7 24. Qf2 Nxd5 25. cxd5 Qd6 26. fxe4 Bxb2 27. Qxb2 Ne5
28. Qf2 Kg7 29. Qb2 Re7 30. Rf4 h5 31. Rdf1 Rf8 32. Qa1 f6 33. Qc3 b5 34. a4 c4
35. bxc4 Rc7 36. axb5 axb5 37. Ra1 b4 38. Qd4 Rxc4 39. Ra7+ Rf7 40. Rxf7+ Kxf7
41. Qb2 Rc3 42. Rf1 Rxe3 43. Qd4 Rc3 44. Rb1 Rc4 45. Qa7+ Rc7 46. Qa2 Kg7 47.
Qd2 Qc5+ 48. Kh1 b3 49. Qb2 Nd3 50. Qxb3 Nf2+ 51. Kg1 Nh3+ 52. Kh1 Qg1+ 0-1

[Event "op"]
[Site "Feldbach, Styria/AUT"]
[Date "1996.12.29"]
[Round "2"]
[White "Frosch, D."]
[Black "Pfaffel, T."]
[Result "0-1"]
[WhiteElo "1630"]
[BlackElo "2070"]
[PlyCount "80"]

1. d4 Nf6 2. c4 e6 3. a3 b6 4. Nc3 Bb7 5. e3 Be7 6. Nf3 O-O 7. Be2 d6 8. O-O
Nbd7 9. h3 a6 10. b3 Ne4 11. Bb2 f5 12. Nxe4 Bxe4 13. Nd2 Bb7 14. f4 Bf6 15. g4
g6 16. g5 Bxg5 17. d5 Bf6 18. Bxf6 Qxf6 19. Nf3 exd5 20. cxd5 Rfe8 21. Rc1 Rac8
22. Kf2 Nc5 23. Ng5 h6 24. b4 hxg5 25. bxc5 gxf4 26. exf4 Qh4+ 27. Kg2 Re3 28.
Rf3 Rce8 29. Rc2 bxc5 30. Rb2 Rxe2+ 31. Rxe2 Rxe2+ 32. Qxe2 Bxd5 33. Kf1 Bxf3
34. Qxf3 Kf7 35. Ke2 Qh5 36. Qxh5 gxh5 37. Kd3 d5 38. Kc3 c4 39. h4 c5 40. a4
a5 0-1

[Event "op"]
[Site "Feldbach, Styria/AUT"]
[Date "1996.12.29"]
[Round "2"]
[White "Sepetavc, W."]
[Black "Payrits, H."]
[Result "1-0"]
[WhiteElo "2025"]
[BlackElo "1715"]
[PlyCount "37"]

1. e4 c5 2. Nf3 e6 3. d4 cxd4 4. Nxd4 a6 5. Bd3 Nf6 6. O-O Qc7 7. Nc3 h5 8. Nf3
Nc6 9. h3 b5 10. Qe2 Ng4 11. Re1 Bc5 12. hxg4 hxg4 13. Nd5 Qg3 14. Bf4 gxf3 15.
Bxg3 fxe2 16. Nc7+ Ke7 17. Nxa8 Bb7 18. Nc7 d6 19. a4 1-0

[Event "op"]
[Site "Feldbach, Styria/AUT"]
[Date "1996.12.29"]
[Round "2"]
[White "Kamaryt, T."]
[Black "Maric, K."]
[Result "0-1"]
[WhiteElo "2000"]
[BlackElo "2010"]
[PlyCount "124"]

1. d4 Nf6 2. Bg5 e6 3. e3 Be7 4. Bd3 c5 5. c3 b6 6. Qe2 Bb7 7. Nf3 O-O 8. Nbd2
Nd5 9. Bxe7 Qxe7 10. O-O cxd4 11. Nxd4 Nc6 12. Be4 Nxd4 13. exd4 Rac8 14. g3
Bc6 15. Rfe1 Rfd8 16. Qf1 Nf6 17. Bg2 Bxg2 18. Qxg2 d5 19. a4 Rc7 20. Qf1 Ne8
21. Qd3 Nd6 22. Kg2 Nc4 23. Nxc4 Rxc4 24. f4 Qd7 25. b3 Rc7 26. Qf3 Rdc8 27.
Re3 a6 28. Rae1 h6 29. Ra1 Rc6 30. Rc1 R6c7 31. Ra1 Rc6 32. Kf2 Qc7 33. Rc1 Qd6
34. Rd1 Qc7 35. Rc1 b5 36. axb5 axb5 37. b4 Rc4 38. Ra1 Rxc3 39. Rxc3 Qxc3 40.
Qxc3 Rxc3 41. Ra5 Rd3 42. Rxb5 Rxd4 43. Rb8+ Kh7 44. Ke3 Rc4 45. b5 Rb4 46. b6
Kg6 47. b7 Kf6 48. Kf3 h5 49. Rh8 Rxb7 50. Rxh5 Rb3+ 51. Kf2 g6 52. Rh8 Kf5 53.
Rf8 Rb7 54. Kf3 Rb3+ 55. Kf2 Ke4 56. Rxf7 Rb2+ 57. Ke1 Ke3 58. Kd1 d4 59. Rf6
Rb6 60. Rf7 d3 61. Kc1 d2+ 62. Kc2 Rc6+ 0-1

[Event "op"]
[Site "Feldbach, Styria/AUT"]
[Date "1996.12.29"]
[Round "2"]
[White "Schrank, M."]
[Black "Sackl, E."]
[Result "0-1"]
[WhiteElo "1780"]
[BlackElo "1900"]
[PlyCount "164"]

1. Nf3 d5 2. g3 c5 3. Bg2 Nc6 4. d4 e6 5. O-O Nf6 6. Nc3 a6 7. a4 Be7 8. e3 Bd7
9. b3 O-O 10. Ne5 Rc8 11. Bb2 cxd4 12. exd4 h6 13. Qd3 Qa5 14. h3 Rfd8 15. Nf3
Nb4 16. Qd2 Ne4 17. Nxe4 Rxc2 18. Qf4 dxe4 19. Ne5 Be8 20. Nc4 Rxc4 21. bxc4
Nd3 22. Qxe4 Nxb2 23. Qxb7 Qb4 24. Qxa6 Rxd4 25. Qc8 Rd8 26. Qc7 Rd7 27. Qc8
Kf8 28. Rfb1 Bf6 29. a5 Qd2 30. Ra2 Qc2 31. Rf1 Qb3 32. Raa1 Nxc4 33. Rab1 Qa2
34. a6 Nd6 35. Qc6 Rd8 36. Qb6 Nc4 37. Qb4+ Be7 38. Qb7 Rd7 39. Ra1 Qc2 40. Qc8
Rd8 41. Rfc1 Qxc1+ 42. Rxc1 Rxc8 43. a7 Bb5 44. a8=Q Rxa8 45. Bxa8 f5 46. Rb1
Na3 47. Rc1 Bc4 48. Kg2 Kf7 49. Bc6 Bd5+ 50. Bxd5 exd5 51. Rc6 Nc4 52. Kf1 Ne5
53. Rb6 d4 54. f4 Nd7 55. Rc6 d3 56. Ke1 Nc5 57. Kd2 Ke8 58. Rc7 Kd8 59. Ra7 g5
60. Ra8+ Kd7 61. Rh8 gxf4 62. gxf4 Bd6 63. Rh7+ Kc6 64. Rxh6 Kd5 65. Ke3 d2 66.
Rxd6+ Kxd6 67. Kxd2 Kd5 68. Ke3 Ne6 69. h4 Ng7 70. Kd3 Nh5 71. Ke3 Kc4 72. Kf2
Kd4 73. Kf3 Kd3 74. Kf2 Ke4 75. Ke2 Kxf4 76. Kf2 Kg4 77. Kg2 f4 78. Kf2 Kxh4
79. Kf3 Kg5 80. Kf2 Kg4 81. Kg2 f3+ 82. Kf2 Kf4 0-1

[Event "op"]
[Site "Feldbach, Styria/AUT"]
[Date "1996.12.30"]
[Round "3"]
[White "Barczay, L."]
[Black "Keitlinghaus, L."]
[Result "0-1"]
[WhiteElo "2380"]
[BlackElo "2515"]
[PlyCount "110"]

1. Nf3 d5 2. e3 c6 3. b3 Bf5 4. Bb2 e6 5. Be2 h6 6. d3 Nf6 7. Nbd2 Be7 8. O-O
O-O 9. Re1 Nbd7 10. Nf1 Bh7 11. Ng3 Bb4 12. Rf1 a5 13. a3 Bd6 14. Nd4 Qb6 15.
a4 Rfe8 16. Qc1 Rad8 17. Rb1 Bg6 18. Ba3 Be5 19. Nf3 Bc3 {} 20. Bb2 Bb4 21.
Ne5 Nxe5 22. Bxe5 Nd7 23. Bd4 Qc7 24. Ba1 Be7 25. Qe1 Bb4 26. Qc1 Be7 27. Qe1
Qb6 28. Bd4 Bc5 29. Bxc5 Qxc5 30. Qd2 e5 31. b4 axb4 32. Rxb4 Qa5 33. Rd1 Nc5
34. Bh5 Bxh5 35. Nxh5 d4 36. h3 Nxa4 37. Rxb7 Qxd2 38. Rxd2 Nc3 39. Ng3 Rb8 40.
Rxb8 Rxb8 41. Ne2 Rb1+ 42. Kh2 Re1 43. Ng3 f5 44. exd4 f4 45. Ne4 Nb1 46. c4
Nxd2 47. Nxd2 Rd1 48. Nf3 Rxd3 49. Nxe5 Rxd4 50. Nxc6 Rxc4 51. Ne5 Rc2 52. Nd3
Rd2 53. Nxf4 Rxf2 54. Kg3 Ra2 55. h4 Kf7 0-1

[Event "op"]
[Site "Feldbach, Styria/AUT"]
[Date "1996.12.30".]
[Round "3"]
[White "Stanec, N."]
[Black "Gross, D."]
[Result "1-0"]
[WhiteElo "2505"]
[BlackElo "2360"]
[PlyCount "151"]

1. d4 Nf6 2. c4 g6 3. Nc3 Bg7 4. e4 d6 5. Be2 O-O 6. Nf3 e5 7. O-O Nc6 8. d5
Ne7 9. Ne1 Nd7 10. Be3 f5 11. f3 f4 12. Bf2 g5 13. g4 h5 14. h3 Kf7 15. Nd3 Rh8
16. Kg2 Ng6 17. Rh1 hxg4 18. hxg4 Nh4+ 19. Kf1 Ng6 20. Rxh8 Qxh8 21. Ke1 a6 22.
Kd2 Bf8 23. Qh1 Qxh1 24. Rxh1 Be7 25. Kc2 Nf6 26. c5 Bd7 27. b4 Rh8 28. Rxh8
Nxh8 29. Nb2 Ke8 30. Nc4 Nf7 31. Na5 dxc5 32. bxc5 Nd8 33. Kd3 Bc8 34. Bd1 Nd7
35. Na4 Kf7 36. Bb3 Kf6 37. Bc4 Nf8 38. Nc3 Kg7 39. Bb3 Nd7 40. Na4 Kf6 41. Nc4
Nf7 42. Bg1 Bf8 43. Kc3 Be7 44. Na5 Nd8 45. Bf2 Nb8 46. Nb2 Nd7 47. Nd3 b6 48.
cxb6 cxb6 49. Nc6 Nf7 50. Nxe7 Kxe7 51. Ba4 b5 52. Bb3 Kd6 53. Kb4 Nd8 54. Nc5
Nb8 55. a4 bxa4 56. Bxa4 Nf7 57. Ka5 Nh6 58. Bd1 Kc7 59. Be2 Nf7 60. Be1 Nd6
61. Bc3 Nf7 62. Bb2 Kd6 63. Ba3 Kc7 64. Nd3 Bd7 65. Nf2 Nd8 66. Kb4 Nf7 67. Nh3
Bc8 68. Ka5 Kd8 69. Bc4 Bd7 70. Bc5 Be8 71. Ba7 Kc7 72. Be2 Kb7 73. Bc5 Nd8 74.
Kb4 a5+ 75. Kc3 Nf7 76. Be7 1-0

[Event "op"]
[Site "Feldbach, Styria/AUT"]
[Date "1996.12.30".]
[Round "3"]
[White "Demuth, M."]
[Black "Pavasovic, D."]
[Result "0-1"]
[WhiteElo "2240"]
[BlackElo "2495"]
[PlyCount "62"]

1. e4 c5 2. Nf3 d6 3. d4 cxd4 4. Nxd4 Nf6 5. Nc3 Nc6 6. Bg5 e6 7. Qd2 Be7 8.
O-O-O a6 9. f4 Nxd4 10. Qxd4 b5 11. Bxf6 gxf6 12. e5 d5 13. Bd3 Qc7 14. Nxd5
exd5 15. exf6 Bd6 16. Rhe1+ Kf8 17. Qxd5 Bb7 18. Qh5 h6 19. g3 Qd8 20. Qh4 Rc8
21. Kb1 Bf3 22. Rd2 Bb4 23. c3 Bc5 24. g4 b4 25. c4 b3 26. a3 Qa5 27. Kc1 {}
27... Bxa3 28. bxa3 Qc3+ 29. Kb1 Qxd2 30. Bf5 Qa2+ 31. Kc1 Rxc4+ 0-1

[Event "op"]
[Site "Feldbach, Styria/AUT"]
[Date "1996.12.30".]
[Round "3"]
[White "Rogulj, B."]
[Black "Kuba, G."]
[Result "1/2-1/2"]
[WhiteElo "2420"]
[BlackElo "2200"]
[PlyCount "152"]

1. e4 e5 2. Nf3 Nc6 3. Bb5 a6 4. Ba4 Nf6 5. O-O Be7 6. Re1 b5 7. Bb3 d6 8. a4
Bb7 9. d3 O-O 10. Bd2 Qd7 11. Nc3 Nd4 12. Nxd4 exd4 13. Ne2 c5 14. Ng3 d5 15.
exd5 Nxd5 16. Qh5 Nf6 17. Qf5 Qc6 18. f3 Bd6 19. Bf4 Rae8 20. Rxe8 Rxe8 21.
axb5 axb5 22. Ne4 Be7 23. Ra7 g6 24. Qe5 Nxe4 25. Qxe4 Bh4 26. Bxf7+ Kxf7 27.
Rxb7+ Kg8 28. Rb8 Qxe4 29. fxe4 Rxb8 30. Bxb8 Be7 31. Kf2 Kf7 32. Ke2 Ke6 33.
c3 Bf6 34. Kd2 c4 35. Ba7 dxc3+ 36. bxc3 cxd3 37. Kxd3 Be5 38. h3 h5 39. Bd4
Bd6 40. Ke3 Bc7 41. Bc5 Be5 42. Kd3 Bc7 43. Bd4 Bd6 44. Kc2 Be7 45. Kb3 Bf8 46.
c4 bxc4+ 47. Kxc4 Bd6 48. Kd3 Bc7 49. Ke3 Bd6 50. Kf3 Bc7 51. Be3 Bd6 52. Bf4
Be7 53. Bb8 Bf6 54. Kf4 Be7 55. Bc7 Bf6 56. e5 Be7 57. Bd6 Bd8 58. Bf8 Kf7 59.
Bb4 Ke6 60. Bd6 Kf7 61. g3 Ke6 62. Bf8 Kf7 63. Bh6 Ba5 64. Ke4 Ke6 65. Be3 Bc3
66. Bd4 Bd2 67. g4 hxg4 68. hxg4 Bc1 69. Bc5 Bb2 70. Bd6 Bc1 71. Bf8 Bd2 72.
Bg7 Bc1 73. Bf6 Bd2 74. Bh4 Bc1 75. Bg3 Bd2 76. Bf4 Bc3 1/2-1/2

[Event "op"]
[Site "Feldbach, Styria/AUT"]
[Date "1996.12.30".]
[Round "3"]
[White "Schneider_Zinner, H."]
[Black "Palac, M."]
[Result "1/2-1/2"]
[WhiteElo "2155"]
[BlackElo "2540"]
[PlyCount "41"]

1. d4 Nf6 2. Nf3 e6 3. c4 b6 4. g3 Ba6 5. b3 Bb4+ 6. Bd2 Be7 7. Bc3 d5 8. Nbd2
O-O 9. Bg2 Nbd7 10. Ne5 Bb7 11. O-O c5 12. Qc2 Rc8 13. Rfd1 cxd4 14. Bxd4 Nxe5
15. Bxe5 Nd7 16. Bc3 Qc7 17. Qb2 e5 {} 18. cxd5 Qxc3 19. Qxc3 Rxc3 20. d6 Bxd6
21. Bxb7 1/2-1/2

[Event "op"]
[Site "Feldbach, Styria/AUT"]
[Date "1996.12.30".]
[Round "3"]
[White "Chernin, A."]
[Black "Tratar, M."]
[Result "1/2-1/2"]
[WhiteElo "2620"]
[BlackElo "2420"]
[PlyCount "108"]

1. d4 Nf6 2. c4 g6 3. Nc3 Bg7 4. e4 d6 5. h3 O-O 6. Bg5 Na6 7. Bd3 e5 8. d5 Qe8
9. g4 Nd7 10. Nge2 Ndc5 11. Ng3 f5 12. gxf5 gxf5 13. Bb1 Qg6 14. Be7 Rf7 15.
exf5 Qh6 16. f6 Bxf6 17. Bxf6 Rxf6 18. a3 Qf4 19. Nce4 Nxe4 20. Nxe4 Rh6 21.
Qd2 Bf5 22. Qxf4 exf4 23. Kd2 Rf8 24. b4 Nb8 25. Ng5 Nd7 26. Bxf5 Rxf5 27. Rag1
Rg6 28. Ne6 Ne5 29. Kc3 Rf7 30. h4 Nf3 31. Rxg6+ hxg6 32. Rh3 Ne5 33. c5 dxc5
34. bxc5 c6 35. Kd4 Ng4 36. Rf3 cxd5 37. Rxf4 Rxf4+ 38. Nxf4 Kf7 39. Kxd5 Nxf2
40. Ne6 Ke7 41. Nf4 Kf6 42. a4 a5 43. Kc4 Kf5 44. Nd5 Kg4 45. Kb5 Ne4 46. Ne7
Kxh4 47. Nxg6+ Kg5 48. Ne5 Kf6 49. Nc4 Nc3+ 50. Kxa5 Ke6 51. Nb6 Ke5 52. Kb4
Kd4 53. Nd7 Nd5+ 54. Ka5 Nc3 1/2-1/2

[Event "op"]
[Site "Feldbach, Styria/AUT"]
[Date "1996.12.30".]
[Round "3"]
[White "Sax, G."]
[Black "Jazbinsek, S."]
[Result "1-0"]
[WhiteElo "2525"]
[BlackElo "2175"]
[PlyCount "63"]

1. e4 c5 2. Nf3 d6 3. c3 Nf6 4. h3 Nbd7 5. Bd3 g6 6. O-O Bg7 7. Bc2 O-O 8. d4
e5 9. Be3 cxd4 10. cxd4 exd4 11. Bxd4 b6 12. Nc3 Bb7 13. Re1 Nc5 14. Qd2 Re8
15. Rad1 Bf8 16. Nh2 h5 17. Qf4 Nfd7 18. Qg3 Ne6 19. Be3 Ne5 20. Nf3 Qf6 21.
Ng5 Nc4 22. Nxe6 Nxe3 23. Rxe3 Rxe6 24. Bb3 d5 {} 25. Nxd5 Bxd5 26. Rxd5 Rc8
27. Rf5 Rc1+ 28. Kh2 Bd6 29. f4 h4 30. Qg4 Qg7 31. Rxf7 Qxf7 32. e5 1-0

[Event "op"]
[Site "Feldbach, Styria/AUT"]
[Date "1996.12.30".]
[Round "3"]
[White "Krumpacnik, D."]
[Black "Pfaffel, T."]
[Result "1-0"]
[WhiteElo "2385"]
[BlackElo "2070"]
[PlyCount "113"]

1. d4 Nf6 2. c4 e6 3. Nc3 d5 4. Bg5 Nbd7 5. cxd5 exd5 6. e3 c6 7. Bd3 Be7 8.
Qc2 O-O 9. Nge2 Re8 10. O-O Nf8 11. Rab1 Ng4 12. Bf4 Bd6 13. h3 Bxf4 14. Nxf4
Nh6 15. Qd1 Ng6 16. Nce2 Qg5 17. Nxg6 hxg6 18. Kh1 Qh4 19. Ng1 Ng4 20. g3 Qh6
21. Kg2 Nf6 22. h4 Ng4 23. Qf3 f6 24. Rbe1 Bd7 25. Nh3 Re7 26. Nf4 g5 27. Ng6
Re4 28. Bxe4 dxe4 29. Qxe4 Re8 30. Qd3 Kf7 31. f3 Nxe3+ 32. Rxe3 Rxe3 33. Qxe3
Bh3+ {} 34. Kf2 Bxf1 35. Ne7 Bh3 36. d5 gxh4 37. Qxh6 hxg3+ 38. Kxg3 gxh6 39.
dxc6 b6 40. Nd5 Bc8 41. Nc7 Ke7 42. Nb5 Be6 43. Nxa7 Kd6 44. Nb5+ Kxc6 45. Nd4+
Kd5 46. Nxe6 Kxe6 47. Kg4 Ke5 48. a4 f5+ 49. Kh4 Kf4 50. b4 Kxf3 51. a5 bxa5
52. bxa5 f4 53. a6 Ke2 54. a7 f3 55. a8=Q f2 56. Qg2 Ke1 57. Qe4+ 1-0

[Event "op"]
[Site "Feldbach, Styria/AUT"]
[Date "1996.12.30".]
[Round "3"]
[White "Gross, S."]
[Black "Sepetavc, W."]
[Result "1-0"]
[WhiteElo "2330"]
[BlackElo "2025"]
[PlyCount "53"]

1. d4 d5 2. c4 e6 3. Nc3 Nf6 4. cxd5 exd5 5. Bg5 Be7 6. e3 h6 7. Bh4 O-O 8. Bd3
b6 9. Nf3 Bb7 10. O-O Nbd7 11. Rc1 Ne4 12. Bg3 c5 13. Qe2 Ndf6 14. Rfd1 Nxg3
15. hxg3 c4 16. Bb1 Re8 17. Ne5 Bf8 18. f4 a6 19. g4 b5 20. g5 hxg5 21. fxg5
Ne4 22. Bxe4 dxe4 23. Rf1 Qxg5 24. Nxf7 Qg6 25. Rf4 Rac8 26. Rcf1 b4 27. Rh4
1-0

[Event "op"]
[Site "Feldbach, Styria/AUT"]
[Date "1996.12.30".]
[Round "3"]
[White "Kos, T."]
[Black "Freitag, M."]
[Result "1/2-1/2"]
[WhiteElo "2295"]
[BlackElo "2285"]
[PlyCount "56"]

1. e4 c5 2. c3 Nf6 3. e5 Nd5 4. d4 cxd4 5. Nf3 Nc6 6. Bc4 Nb6 7. Bb3 g6 8. cxd4
Bg7 9. Bf4 O-O 10. Qd2 d5 11. exd6 exd6 12. h3 Re8+ 13. Be3 d5 14. O-O Bf5 15.
Na3 Rc8 16. Rac1 a6 17. Rfe1 Qd6 18. Bf4 Qf8 19. Ne5 Nb4 20. Re3 Rxc1+ 21. Qxc1
f6 22. Nf3 Nd3 23. Qc7 Nxf4 24. Qxb6 Rb8 25. Qc7 g5 26. Re7 Kh8 27. Rf7 Qe8 28.
Re7 Qf8 1/2-1/2

[Event "op"]
[Site "Feldbach, Styria/AUT"]
[Date "1996.12.30".]
[Round "3"]
[White "Sackl, E."]
[Black "Maric, K."]
[Result "0-1"]
[WhiteElo "1900"]
[BlackElo "2010"]
[PlyCount "120"]

1. e4 c5 2. Nc3 Nc6 3. Nf3 g6 4. b3 Bg7 5. Bb2 d6 6. Rb1 Nf6 7. Nd5 O-O 8.
Nxf6+ exf6 9. Be2 Re8 10. d3 f5 11. Nd2 Nd4 12. O-O d5 13. Bxd4 Bxd4 14. exd5
Qxd5 15. Bf3 Qd8 16. Nc4 Rb8 17. Qd2 Be6 18. c3 Bf6 19. Rfe1 Qc7 20. Rbd1 Red8
21. Qc2 b5 22. Ne3 f4 23. Nf1 Bf5 24. Be4 Bg4 25. f3 Be6 26. Re2 Rb6 27. Nd2
Bh4 28. d4 cxd4 29. cxd4 Qxc2 30. Bxc2 Rxd4 31. Ne4 Rxd1+ 32. Bxd1 Rc6 33. g3
fxg3 34. hxg3 Be7 35. Kg2 Kg7 36. g4 f5 37. gxf5 gxf5 38. Ng3 Bg5 39. Bc2 f4
40. Ne4 Bd8 41. b4 Be7 42. Nc5 Bxc5 43. Be4 Rc7 44. bxc5 Rxc5 45. Bxh7 Kf6 46.
Rd2 Bf5 47. Bxf5 Kxf5 48. a3 a5 49. Rb2 Ke5 50. Re2+ Kd5 51. Kh3 b4 52. axb4
axb4 53. Kg4 Rc4 54. Kf5 Kd4 55. Re4+ Kc3 56. Kxf4 b3 57. Ke3 Rxe4+ 58. fxe4 b2
59. e5 b1=Q 60. Kf4 Qg6 0-1

[Event "op"]
[Site "Feldbach, Styria/AUT"]
[Date "1996.12.30".]
[Round "3"]
[White "Deutsch, L."]
[Black "Kragelj, I."]
[Result "1/2-1/2"]
[WhiteElo "2210"]
[BlackElo "2225"]
[PlyCount "172"]

1. c4 c5 2. Nc3 Nc6 3. g3 g6 4. Bg2 Bg7 5. e3 e6 6. Nge2 Nge7 7. Nf4 a6 8. O-O
Rb8 9. Qe2 O-O 10. Rb1 b5 11. Rd1 bxc4 12. Qxc4 d6 13. b3 Bb7 14. Qe2 a5 15.
Na4 Qc8 16. Bb2 Ba6 17. d3 e5 18. Nd5 Nxd5 19. Bxd5 Nb4 20. Bc4 Nxa2 21. Ra1
Nb4 22. e4 Bh6 23. Nc3 Qd8 24. Nd5 Nxd5 25. Bxd5 Bb7 26. Bc4 Ra8 27. Ra3 Bg5
28. Rda1 Qd7 29. Rxa5 Rxa5 30. Rxa5 Ra8 31. Rxa8+ Bxa8 32. Qe1 Qa7 33. b4 cxb4
34. Qxb4 Be7 35. Qb5 Kf8 36. Bb3 Qb7 37. Qc4 Bf6 38. Ba3 Kg7 39. Bxd6 Qd7 40.
Qc5 Qe8 41. Bc4 Bc6 42. Qb6 g5 43. Qc7 Bd7 44. Qb8 Qxb8 45. Bxb8 g4 46. Bd6 Kg6
47. Kf1 h5 48. Ke2 Be8 49. d4 exd4 50. Kd3 Bd7 51. e5 Bg7 52. Kxd4 Bf5 53. Be7
Bb1 54. Bd5 Bf5 55. f3 gxf3 56. Bxf3 Bh6 57. Bf6 Bc1 58. Bg2 Bd2 59. Kd5 Be3
60. Kd6 Be6 61. Be4+ Kh6 62. h4 Bd2 63. Ke7 Bb4+ 64. Ke8 Bc5 65. Be7 Bxe7 66.
Kxe7 Kg7 67. Bd3 Bd5 68. Bf5 Bf3 69. Kd6 Kf8 70. Bd7 Bd1 71. Bb5 Bg4 72. Bd7
Bf3 73. Bf5 Bd1 74. Kd5 Kg7 75. Ke4 Kh6 76. Kf4 Be2 77. Bd7 Bd3 78. Be8 Kg7 79.
Kg5 Be2 80. e6 f6+ 81. Kf4 Kf8 82. Bg6 Ke7 83. Bf7 Bg4 84. Bg8 Bd1 85. Bf7 Bg4
86. Ke4 Bd1 1/2-1/2

[Event "op"]
[Site "Feldbach, Styria/AUT"]
[Date "1996.12.30".]
[Round "3"]
[White "Golja, O."]
[Black "Frosch, R."]
[Result "0-1"]
[WhiteElo "1755"]
[BlackElo "1870"]
[PlyCount "42"]

1. d4 b6 2. c4 Bb7 3. Nc3 Nf6 4. Bf4 e6 5. e4 Nxe4 6. d5 Nxc3 7. bxc3 Be7 8.
Nh3 O-O 9. Qh5 Bf6 10. Rc1 Na6 11. Bd3 g6 12. Qg4 Nc5 13. Bb1 exd5 14. cxd5
Re8+ 15. Kf1 Bxd5 16. Qg3 Qe7 17. Be3 Ne6 18. c4 Bb7 19. f3 Nd4 20. Bf2 Qe2+
21. Kg1 Qd2 0-1

[Event "op"]
[Site "Feldbach, Styria/AUT"]
[Date "1996.12.30".]
[Round "3"]
[White "Kopinits, A."]
[Black "Guid, M."]
[Result "0-1"]
[WhiteElo "1605"]
[BlackElo "2155"]
[PlyCount "42"]

1. e4 e6 2. d4 d5 3. exd5 exd5 4. Bd3 Nc6 5. c3 Bd6 6. h3 Nge7 7. Bg5 f6 8. Be3
Bf5 9. Ne2 Qd7 10. Nf4 O-O-O 11. Bxf5 Qxf5 12. Qf3 Bxf4 13. Qxf4 Qc2 14. Qg4+
Nf5 15. Na3 h5 16. Qxh5 Nxe3 17. fxe3 Qxb2 18. Qf5+ Kb8 19. Nc2 Qxc3+ 20. Ke2
Rhe8 21. Qd3 Qxc2+ 0-1